[Event "Tournoi n27393"]
[Site "www.echecsemail.com"]
[Date "2026.01.31"]
[Round "1"]
[White "Geantvert"]
[Black "Lbd26"]
[WhiteElo "1840"]
[BlackElo "1900"]
[Result "1-0"]
1.c4 e5
2.Nb1c3 Ng8f6
3.g3 Nb8c6
4.Bf1g2 Bf8c5
5.e3 O-O
6.Ng1e2 a6
7.a3 d6
8.b4 Bc5a7
9.Nc3d5 Bc8f5
10.O-O Ra8c8
11.d3 Rf8e8
12.Ne2c3 Nf6xd5
13.cxd5 Nc6e7
14.e4 Bf5d7
15.Kh1 c6
16.dxc6 Ne7xc6
17.Bc1e3 Nc6d4
18.Nc3e2 Nd4c2
19.Ra1c1 Nc2xe3
20.Rc1xc8 Qd8xc8
21.fxe3 Ba7xe3
22.Qd1b3 Bd7e6
23.Qb3b2 Qc8d7
24.Rf1f3 Be3a7
25.Rf3f1 b5
26.Rf1c1 Be6g4
27.Ne2c3 Ba7d4
28.Qb2d2 Re8e6
29.Nc3e2 Bd4a7
30.Rc1c2 Re6f6
31.Qd2c1 Qd7d8
32.Ne2c3 Rf6h6
33.Nc3d5 f6
34.Rc2c7 Ba7b8
35.Nd5e7 Kf7
36.Rc7b7 Bg4d7
37.Ne7f5 Rh6g6
38.Qc1c6 Ke8
39.Nf5xd6 Bb8xd6
40.Qc6xd6 Qd8c8
41.Rb7b8 f5
42.Rb8xc8 Bd7xc8
43.Qd6xe5 Kf8
44.exf5 Bc8xf5
45.Qe5xf5 Rg6f6
46.Qf5c8 Ke7
47.Bg2e4 h5
48.Kg2 Kf7
49.Qc8d7 Kf8
50.Be4d5 g5
51.Qd7d8 Kg7
52.Qd8g8 Kh6
53.Bd5e4 g4
54.Qg8d8 Kg5
55.Qd8e7 h4
56.Qe7e5 Rf6f5
57.Qe5xf5 { abandon }1-0

[Event "1801"]
[Site "www.echecsemail.com"]
[Date "2026.01.31"]
[Round "1"]
[White "4x4"]
[Black "Turbo"]
[WhiteElo "1440"]
[BlackElo "1350"]
[Result "0-1"]
1.e4 e5
2.f4 exf4
3.Ng1f3 Ng8f6
4.d3 a5
5.Bc1xf4 h6
6.Nb1c3 Nf6h5
7.Bf4e3 Nh5f6
8.Qd1d2 c6
9.O-O-O Ra8a6
10.d4 d6
11.Bf1xa6 bxa6
12.g3 Bc8g4
13.Rd1f1 Bg4e6
14.Nf3h4 Bf8e7
15.h3 O-O
16.g4 Nf6h7
17.Nh4f5 c5
18.dxc5 d5
19.exd5 Be6xf5
20.gxf5 Nb8d7
21.Qd2g2 Be7g5
22.Be3xg5 hxg5
23.c6 Nd7b6
24.b3 f6
25.Nc3a4 Nb6xd5
26.c4 Nd5c7
27.Rf1d1 Qd8a8
28.Rd1d7 Qa8a7
29.Rh1d1 Qa7e3
30.Kb1 Qe3f4
31.Rd7xc7 Qf4xc7
32.Rd1d7 Qc7e5
33.Na4b6 Rf8e8
34.c7 Qe5e1
35.Kb2 Qe1e5
36.Ka3 Qe5c5
37.Kb2 Qc5xb6
38.Qg2g3 Nh7f8
39.Rd7d8 Re8xd8
40.cxd8Q Qb6xd8
41.Qg3f3 Qd8d2
42.Ka3 Qd2b4
43.Kb2 a4
44.a3 Qb4d2
45.Kb1 Nf8d7
46.b4 Nd7e5
47.Qf3d5 Qd2xd5
48.cxd5 Kf7
49.Kc2 Ne5f3
50.Kd3 Nf3g1
51.Kc4 Ng1xh3
52.Kc5 Nh3f4
53.d6 Ke8
54.Kb6 Kd7
55.Kxa6 Kxd6
56.b5 Kc7
57.Ka7 Nf4d5
58.b6 Nd5xb6
59.Ka6 g4
60.Kb5 g3
61.Kc5 g2
{ abandon }0-1

[Event "Défi"]
[Site "www.echecsemail.com"]
[Date "2026.01.31"]
[Round "1"]
[White "Vvvv"]
[Black "Gambitmiau"]
[WhiteElo "1710"]
[BlackElo "1420"]
[Result "1-0"]
1.e4 Nb8c6
2.Ng1f3 e5
3.Bf1c4 Bf8c5
4.b4 Bc5xb4
5.c3 Bb4c5
6.Qd1b3 Ng8h6
7.d4 exd4
8.Bc1xh6 g6
9.Bc4xf7 Ke7
10.Bh6g7 Nc6a5
11.Qb3d5 d6
12.Bg7xh8 Qd8xh8
13.Nf3g5 Qh8f6
14.Ng5xh7 Qf6xf7
15.Qd5g5 Kd7
16.Nh7f6 Kc6
17.Qg5d5 Qf7xd5
18.exd5 Kb6
19.Nf6e4 dxc3
20.Ne4xc5 dxc5
21.Nb1xc3 Bc8f5
22.O-O Na5c4
23.a4 c6
24.dxc6 Kxc6
25.Rf1e1 Ra8h8
26.Nc3e4 Rh8h4
27.Ne4g5 a5
28.Ra1d1 Bf5c2
29.Rd1c1 Nc4a3
30.Re1e6 Kd7
31.Re6e2 Bc2xa4
32.Rc1xc5 b6
33.Re2d2 Rh4d4
34.Rd2xd4 Ke7
35.Rc5e5 { abandon }1-0

[Event "Tournoi n27410"]
[Site "www.echecsemail.com"]
[Date "2026.01.31"]
[Round "1"]
[White "Wenoketo"]
[Black "Voyageur"]
[WhiteElo "1700"]
[BlackElo "1640"]
[Result "1-0"]
1.d4 g6
2.Ng1f3 b6
3.Bc1f4 Bf8g7
4.e3 Bc8b7
5.Bf1c4 d6
6.Nb1d2 Nb8d7
7.O-O Ng8f6
8.a3 O-O
9.Bc4d3 c5
10.c3 Nf6d5
11.Bf4g3 cxd4
12.cxd4 Nd7f6
13.Ra1c1 Ra8c8
14.Rc1xc8 Qd8xc8
15.Qd1c1 a6
16.Qc1xc8 Rf8xc8
17.Rf1e1 b5
18.Kf1 Nf6g4
19.h3 Ng4f6
20.Ke2 Nf6h5
21.Bg3h2 Nd5f6
22.Nd2b3 Bb7xf3
23.Kxf3 Nf6d5
24.Ke2 Nd5b6
25.Kf1 Nb6a4
26.Re1b1 Nh5f6
27.Nb3d2 Nf6d5
28.Ke1 Na4b6
29.Kd1 f6
30.Rb1c1 Rc8xc1
31.Kxc1 e5
32.dxe5 dxe5
33.Bh2g1 Nd5e7
34.Nd2b3 Ne7d5
35.Nb3c5 Nd5c7
36.Bd3b1 f5
37.f3 Bg7f8
38.Nc5d3 Nb6d5
39.Nd3xe5 Bf8c5
40.Kd2 Kg7
41.Bb1a2 Kf6
42.Ba2xd5 Nc7xd5
43.Ne5d3 h6
44.Nd3xc5 { abandon }1-0

[Event "Défi"]
[Site "www.echecsemail.com"]
[Date "2026.01.31"]
[Round "1"]
[White "Vvvv"]
[Black "Speedyfil"]
[WhiteElo "1680"]
[BlackElo "1450"]
[Result "1-0"]
1.e4 d5
2.exd5 Qd8xd5
3.Nb1c3 Qd5a5
4.d4 c6
5.Bc1f4 Ng8f6
6.Bf4xb8 Ra8xb8
7.Bf1d3 e5
8.Qd1e2 Bc8e6
9.Ng1f3 Bf8e7
10.dxe5 Nf6h5
11.g3 O-O
12.Nf3d4 c5
13.Bd3xh7 Kxh7
14.Qe2xh5 Kg8
15.Nd4xe6 fxe6
16.O-O c4
17.Rf1e1 Rf8f5
18.Qh5e2 Rb8f8
19.f4 Qa5c5
20.Kg2 Rf5h5
21.Qe2xh5 Rf8f5
22.Qh5e8 Rf5f8
23.Qe8g6 Qc5c6
24.Kh3 Qc6f3
25.Qg6xe6 Rf8f7
26.Qe6xc4 Qf3h5
27.Kg2 Kh7
28.Re1e3 Qh5g6
29.Qc4e4 Rf7f5
30.Nc3d5 Be7h4
31.e6 Kh6
32.e7 { abandon }1-0

[Event "Défi"]
[Site "www.echecsemail.com"]
[Date "2026.01.31"]
[Round "1"]
[White "Voyageur"]
[Black "Tartu"]
[WhiteElo "1650"]
[BlackElo "1700"]
[Result "1/2-1/2"]
1.d4 d5
2.c4 c6
3.Ng1f3 Ng8f6
4.e3 Bc8g4
5.cxd5 Nf6xd5
6.Bf1e2 e6
7.Nf3e5 Bg4xe2
8.Qd1xe2 Nb8d7
9.Ne5f3 Bf8d6
10.b3 O-O
11.Bc1b2 b5
12.Nb1c3 Ra8c8
13.Nc3xd5 cxd5
14.Qe2xb5 Rc8b8
15.Qb5a6 Qd8b6
16.Qa6d3 Bd6b4
17.Bb2c3 Rb8c8
18.Ra1c1 Qb6a5
19.Kd2 f6
20.Rc1c2 Bb4xc3
21.Rc2xc3 Rc8xc3
22.Qd3xc3 Qa5xa2
23.Qc3c2 Qa2a5
24.Qc2c3 Qa5xc3
25.Kxc3 Rf8c8
26.Kd3 Kf7
27.Rh1a1 Rc8c7
28.Nf3d2 e5
29.dxe5 Nd7xe5
30.Kd4 Ke6
31.e4 Ne5c6
32.Kd3 dxe4
33.Nd2xe4 Nc6e5
34.Ke3 f5
35.Ne4g5 Kf6
36.Ng5xh7 Kg6
37.Nh7f8 Kf7
38.Nf8h7 Kg6
39.Nh7f8 Kf7
40.Nf8h7 Kg6
41.Nh7f8 Kf7
42.Nf8h7 Kg6
43.Nh7f8 Kf7
44.Nf8h7 1/2-1/2

[Event "Tournoi n27427"]
[Site "www.echecsemail.com"]
[Date "2026.01.31"]
[Round "1"]
[White "Patau"]
[Black "Tiounet"]
[WhiteElo "1690"]
[BlackElo "1580"]
[Result "1-0"]
1.e4 a6
2.d4 b5
3.c4 bxc4
4.Bf1xc4 e6
5.d5 Ng8f6
6.dxe6 fxe6
7.e5 Nf6d5
8.Bc4xd5 exd5
9.Qd1xd5 Nb8c6
10.Ng1f3 Bc8b7
11.O-O Ra8b8
12.Nf3g5 Nc6e7
13.Qd5f7 1-0

[Event "Tournoi n27425"]
[Site "www.echecsemail.com"]
[Date "2026.01.31"]
[Round "1"]
[White "Jlr"]
[Black "Malaouat"]
[WhiteElo "1420"]
[BlackElo "1370"]
[Result "1-0"]
1.e4 e5
2.Nb1c3 Ng8f6
3.Bf1c4 Bf8c5
4.Nc3a4 Nf6xe4
5.d3 O-O
6.dxe4 c6
7.Na4xc5 b5
8.Bc4b3 Nb8a6
9.Nc5xa6 Qd8f6
10.Na6c7 { abandon }1-0

[Event "Eq:les modestes-Vikings :"]
[Site "www.echecsemail.com"]
[Date "2026.01.31"]
[Round "1"]
[White "Tombelaine"]
[Black "Aperturaf"]
[WhiteElo "2280"]
[BlackElo "2820"]
[Result "0-1"]
1.Ng1f3 d5
2.d4 Ng8f6
3.c4 g6
4.Nb1c3 Bf8g7
5.cxd5 Nf6xd5
6.g3 O-O
7.Bf1g2 Nd5b6
8.O-O Nb8c6
9.Bc1e3 Nb6c4
{ abandon }0-1

[Event "Eq:Les Gens du Sud-Avalon :"]
[Site "www.echecsemail.com"]
[Date "2026.01.31"]
[Round "1"]
[White "Pourquoipas"]
[Black "Abelito"]
[WhiteElo "1640"]
[BlackElo "1560"]
[Result "1-0"]
1.f4 d5
2.Ng1f3 f6
3.e3 Nb8c6
4.Bf1b5 Bc8d7
5.Nb1c3 a6
6.Bb5xc6 Bd7xc6
7.O-O Qd8d6
8.Nf3d4 e5
9.fxe5 fxe5
10.Nd4xc6 Qd6xc6
11.Qd1h5 Kd7
12.Qh5xe5 Ra8e8
13.Rf1f7 Ng8e7
14.Nc3xd5 Kd8
15.e4 Ne7xd5
16.Qe5xd5 Qc6xd5
17.exd5 Bf8c5
18.Kf1 Re8e5
19.d4 Re5xd5
20.c3 Rh8f8
21.Rf7xf8 Bc5xf8
22.Bc1g5 Ke8
23.Ra1e1 Kf7
24.Bg5f4 Rd5f5
25.Re1e4 Bf8d6
26.g3 Rf5a5
27.a3 Ra5h5
28.Kg2 Rh5b5
29.b4 c5
30.Bf4xd6 { abandon }1-0

[Event "Tournoi n27364"]
[Site "www.echecsemail.com"]
[Date "2026.01.31"]
[Round "1"]
[White "Nicadria22"]
[Black "Mojo"]
[WhiteElo "1930"]
[BlackElo "2010"]
[Result "0-1"]
1.e4 e5
2.Ng1f3 Nb8c6
3.Bf1b5 d6
4.d4 exd4
5.Nf3xd4 Bc8d7
6.Nd4xc6 bxc6
7.Bb5c4 h6
8.Bc1e3 c5
9.Qd1f3 Ng8f6
10.Nb1d2 Bf8e7
11.h3 c6
12.Bc4b3 O-O
13.O-O a6
14.c4 a5
15.Bb3a4 Qd8c7
16.Be3f4 Bd7e6
17.Rf1e1 Ra8b8
18.Ra1b1 Rb8b6
19.e5 Nf6e8
20.Qf3g3 d5
21.cxd5 cxd5
22.Bf4xh6 Kh8
23.Bh6f4 Qc7b7
24.Ba4xe8 Rf8xe8
25.b3 a4
26.a3 axb3
27.Rb1xb3 c4
28.Rb3xb6 Qb7xb6
29.Re1b1 Qb6a5
30.Rb1a1 c3
31.Nd2b3 Qa5a4
32.Qg3xc3 Qa4xf4
{ abandon }0-1

[Event "Tournoi n27382"]
[Site "www.echecsemail.com"]
[Date "2026.01.31"]
[Round "1"]
[White "Vvvv"]
[Black "Air-3-bud"]
[WhiteElo "1710"]
[BlackElo "1850"]
[Result "1/2-1/2"]
1.e4 e6
2.d4 d5
3.Nb1c3 Ng8f6
4.Bc1g5 Bf8e7
5.exd5 Nf6xd5
6.Bg5xe7 Nd5xe7
7.Ng1f3 Nb8c6
8.Bf1e2 Ne7f5
9.d5 exd5
10.Nc3xd5 O-O
11.O-O Bc8e6
12.c4 Nf5e7
13.Nd5f4 Qd8xd1
14.Ra1xd1 Ra8d8
15.Nf4xe6 fxe6
16.a3 h6
17.b4 b6
18.Rd1d3 Rd8xd3
19.Be2xd3 Rf8d8
20.Rf1d1 Kh8
21.Bd3c2 Rd8xd1
22.Bc2xd1 Ne7f5
{ nul }1/2-1/2

[Event "Coupe Niveau 9"]
[Site "www.echecsemail.com"]
[Date "2026.01.31"]
[Round "1"]
[White "Eldiablo90"]
[Black "Exley"]
[WhiteElo "2880"]
[BlackElo "2400"]
[Result "1-0"]
1.Ng1f3 d5
2.b3 Bc8f5
3.e3 e6
4.Bc1b2 Ng8f6
5.c4 h6
6.d4 Bf8b4
7.Nb1c3 Nb8d7
8.Bf1d3 Bf5xd3
9.Qd1xd3 O-O
10.a3 Bb4e7
11.O-O c6
12.Rf1e1 Qd8b6
13.Qd3c2 Qb6a6
14.Nf3d2 dxc4
15.bxc4 Nd7b6
16.Qc2b3 c5
17.a4 Qa6a5
18.Re1d1 cxd4
19.exd4 Qa5b4
20.Ra1a3 Qb4a5
21.c5 Rf8d8
22.Nc3b5 Nb6d5
23.Nd2c4 Qa5b4
24.a5 Nf6e4
25.g3 a6
26.Qb3xb4 Nd5xb4
27.Nb5c3 Ne4xc3
28.Bb2xc3 Nb4c6
29.Ra3a1 Ra8c8
30.Rd1d2 Nc6a7
31.Bc3b2 Na7b5
32.Ra1d1 g5
33.f4 Be7f6
34.Kg2 Rc8c7
35.Kf3 Kg7
36.Rd2d3 Kg6
37.Ke4 h5
38.h3 Rd8d5
39.Nc4b6 Rd5d8
40.fxg5 Bf6xg5
41.h4 f5
42.Kf3 Bg5f6
43.Bb2a1 Bf6h8
44.Nb6c4 Nb5a7
45.Rd3e3 Rc7e7
46.Nc4d6 Na7c6
47.Rd1e1 e5
48.Re3b3 e4
49.Ke3 Re7d7
50.Rb3b6 Kh7
51.Re1b1 Nc6xa5
52.Ke2 Rd8g8
53.Ba1c3 Na5c6
54.Rb6xb7 Rd7xb7
55.Rb1xb7 Kg6
56.d5 Nc6d8
57.Rb7b3 Bh8xc3
58.Rb3xc3 Kf6
59.c6 Nd8f7
60.Nd6xf7 Kxf7
61.Rc3b3 Rg8c8
62.Rb3b7 Kf6
63.Ke3 Ke5
64.Rb7d7 a5
65.c7 a4
66.d6 a3
67.Rd7d8 a2
68.d7 a1Q
69.Rd8e8 Kd5
70.d8Q Kc4
71.Kf4 Qa1f1
72.Ke5 Qf1a1
73.Kf4 Qa1f1
74.Kg5 Qf1a1
75.Qd8xc8 Qa1g7
76.Kxf5 Qg7f7
77.Kxe4 Qf7g6
78.Kf3 Qg6d3
79.Kg2 { abandon }1-0

[Event "ZGOUGOU"]
[Site "www.echecsemail.com"]
[Date "2026.01.31"]
[Round "1"]
[White "Legrillon"]
[Black "4x4"]
[WhiteElo "1740"]
[BlackElo "1480"]
[Result "1-0"]
1.e4 e5
2.Ng1f3 Nb8c6
3.Nb1c3 Ng8f6
4.Bf1c4 d6
5.d3 Bc8g4
6.Bc4b5 a6
7.Bb5xc6 bxc6
8.h3 Bg4xf3
9.Qd1xf3 Qd8d7
10.Bc1g5 Bf8e7
11.O-O O-O
12.a3 h6
13.Bg5h4 g5
14.Bh4g3 Nf6h7
15.Qf3e2 Ra8b8
16.Qe2h5 Qd7e6
17.h4 Qe6g6
18.Qh5xg6 fxg6
19.hxg5 Nh7xg5
20.b4 Ng5e6
21.Nc3e2 h5
22.c3 Ne6f4
23.Bg3xf4 exf4
24.f3 g5
25.Kf2 c5
26.Rf1h1 h4
27.Rh1h3 cxb4
28.axb4 Be7d8
29.Ra1xa6 Bd8f6
30.Rh3h1 Rb8a8
31.Rh1a1 Ra8b8
32.d4 Kg7
33.Ra6c6 Rf8f7
34.Ra1a7 Kg6
35.Ra7xc7 Rf7xc7
36.Rc6xc7 Bf6d8
37.Rc7c6 Bd8e7
38.e5 Kf5
39.exd6 Be7f6
40.d7 Kg6
41.Rc6c8 Rb8b6
42.d8Q Bf6xd8
43.Rc8xd8 Kf6
44.Rd8f8 Ke6
45.Rf8e8 Kd5
46.Re8e5 Kc4
47.Re5xg5 Rb6a6
48.Rg5g4 Ra6a2
49.Rg4xf4 Kd3
50.Rf4e4 Ra2a1
51.d5 Ra1a6
52.Re4xh4 Ra6a2
53.Rh4d4 Kc2
54.d6 Kb3
55.d7 Ra2a8
56.d8Q Ra8xd8
57.Rd4xd8 { abandon }1-0

[Event "ZGOUGOU"]
[Site "www.echecsemail.com"]
[Date "2026.01.31"]
[Round "1"]
[White "4x4"]
[Black "Casisimed"]
[WhiteElo "1480"]
[BlackElo "1620"]
[Result "0-1"]
1.e4 e5
2.Ng1f3 Nb8c6
3.Nb1c3 Ng8f6
4.Bf1c4 Bf8c5
5.d3 O-O
6.Nc3d5 Nf6xd5
7.exd5 Nc6d4
8.Nf3xd4 exd4
9.c3 dxc3
10.bxc3 Rf8e8
11.Kf1 Qd8f6
12.d4 Bc5b6
13.Bc1e3 d6
14.Qd1e2 Bb6a5
15.Ra1c1 Bc8f5
16.Kg1 Qf6g6
17.Qe2b2 Ba5b6
18.g3 Bf5e4
19.f3 Be4xf3
20.Kf2 Bf3xh1
21.Rc1xh1 Qg6f5
22.Be3f4 Qf5e4
23.Rh1f1 c5
24.Bc4e2 cxd4
25.c4 d3
26.Bf4e3 Bb6xe3
27.Ke1 d2
28.Kd1 Re8e7
29.Qb2c3 Qe4b1
30.Qc3c1 dxc1Q
0-1

[Event "Défi"]
[Site "www.echecsemail.com"]
[Date "2026.01.31"]
[Round "1"]
[White "Malvina"]
[Black "Lisette"]
[WhiteElo "1250"]
[BlackElo "1299"]
[Result "0-1"]
1.e4 e5
2.d4 exd4
3.Qd1xd4 Nb8c6
4.Qd4d3 Bf8c5
5.Ng1f3 d6
6.Bc1e3 Bc5xe3
7.Qd3xe3 Ng8f6
8.Nb1c3 O-O
9.Bf1e2 Nc6b4
10.a3 Nb4xc2
11.Kf1 Nc2xe3
12.fxe3 Bc8g4
13.h3 Bg4xf3
14.Be2xf3 Rf8e8
15.Kf2 c6
16.Ra1d1 Qd8c7
17.Rd1d2 Re8e7
18.g4 Ra8e8
19.g5 Nf6xe4
20.Nc3xe4 Re7xe4
21.Bf3xe4 Re8xe4
22.Kf3 Qc7e7
23.b4 Re4xe3
24.Kf2 Re3xa3
25.h4 Qe7e3
26.Kg2 Qe3xd2
27.Kg1 Ra3a1
0-1

[Event "Défi"]
[Site "www.echecsemail.com"]
[Date "2026.01.31"]
[Round "1"]
[White "Petain"]
[Black "Scipio"]
[WhiteElo "1730"]
[BlackElo "1400"]
[Result "1-0"]
1.e4 e5
2.Ng1f3 Nb8c6
3.a3 d6
4.h3 f5
5.exf5 Bc8xf5
6.Bf1c4 Ng8f6
7.d3 d5
8.Bc4a2 Qd8d7
9.b4 a6
10.O-O Bf8e7
11.Nb1c3 h6
12.Rf1e1 Bf5xh3
13.g3 Bh3f5
14.Nf3h2 b6
15.Qd1f3 Bf5e6
16.Nc3e2 O-O-O
17.Ra1b1 Kb7
18.Bc1d2 d4
19.Ba2xe6 Qd7xe6
20.a4 Qe6h3
21.b5 axb5
22.axb5 Qh3d7
23.bxc6 Qd7xc6
24.Qf3xc6 Kxc6
25.Nh2f3 Rd8d7
26.Nf3xe5 Kd6
27.Ne5f7 Kc6
28.Nf7xh8 Kd5
29.Ne2f4 Kc6
30.Re1e6 Kb7
31.Nh8g6 Be7d6
32.Bd2b4 Bd6xb4
33.Rb1xb4 Nf6d5
34.Rb4xd4 c6
35.Ng6e5 Rd7d8
36.Ne5xc6 Rd8d7
37.Nf4xd5 h5
38.Nd5b4 Kc7
39.Nb4a6 Kc8
40.Re6e8 Rd7d8
41.Re8xd8 Kb7
42.Rd8d7 Kxa6
43.Nc6b4 Kb5
44.Rd7d5 Ka4
45.Nb4c6 Ka3
46.Rd5d7 g6
47.Rd7a7 Kb2
48.Rd4b4 Kxc2
49.d4 Kd2
50.Rb4b3 g5
51.Ra7a2 { abandon }1-0

[Event "Tournoi n27257"]
[Site "www.echecsemail.com"]
[Date "2026.02.01"]
[Round "1"]
[White "Arcadie"]
[Black "Carlsen10"]
[WhiteElo "2060"]
[BlackElo "1790"]
[Result "0-1"]
1.e4 d5
2.exd5 Qd8xd5
3.Nb1c3 Qd5a5
4.Ng1f3 Bc8g4
5.h3 Bg4h5
6.Bf1b5 c6
7.Bb5e2 Ng8f6
8.O-O e6
9.d4 Bf8d6
10.Bc1d2 Qa5c7
11.a3 h6
12.b4 O-O
13.b5 a6
14.a4 axb5
15.axb5 Nb8d7
16.bxc6 bxc6
 { temps }0-1

[Event "Eq:Les Gens du Sud-modesty :"]
[Site "www.echecsemail.com"]
[Date "2026.02.01"]
[Round "1"]
[White "Fresiers"]
[Black "Nuageblanc"]
[WhiteElo "2220"]
[BlackElo "1600"]
[Result "1-0"]
1.d4 Ng8f6
2.c4 c5
3.d5 b5
4.b3 d6
5.Nb1d2 b4
6.Qd1c2 a5
7.Bc1b2 Bc8d7
8.a3 bxa3
9.Ra1xa3 Qd8b6
10.e4 Nb8a6
11.Ng1f3 Na6b4
12.Qc2b1 a4
13.Bf1e2 g6
14.O-O Bf8g7
15.e5 Nf6h5
16.e6 fxe6
17.dxe6 Bd7xe6
18.bxa4 O-O
19.Nf3h4 Bg7xb2
20.Qb1xb2 Qb6a5
21.Be2xh5 gxh5
22.Rf1e1 Be6d7
23.Ra3g3 Kf7
24.Qb2g7  { temps }1-0

[Event "Défi( 10J+24H/c 10J Max )"]
[Site "www.echecsemail.com"]
[Date "2026.02.01"]
[Round "1"]
[White "Minon"]
[Black "Poison"]
[WhiteElo "1910"]
[BlackElo "1070"]
[Result "1-0"]
1.e4 e5
2.Ng1f3 Ng8f6
3.Nb1c3 Bf8b4
4.Bf1d3 Bb4xc3
5.dxc3 O-O
6.Nf3xe5 d6
7.Ne5f3 Bc8g4
8.h3 Bg4xf3
9.Qd1xf3 Nb8d7
10.O-O Nd7c5
11.Bc1g5 Nc5xd3
12.Qf3xd3 Qd8e7
13.Rf1e1 h6
14.Bg5xf6 Qe7xf6
15.Re1e3 c6
16.Ra1e1 c5
17.Re3f3 Qf6e6
18.c4 Ra8c8
19.Qd3d5 Qe6xd5
20.cxd5 c4
21.c3 b5
22.e5 dxe5
23.Re1xe5 Rc8d8
24.Rf3e3 a5
25.Re3e4 a4
26.Re4d4 f6
27.Re5e6 f5
28.f4 a3
29.bxa3 Rd8a8
30.d6 Ra8xa3
31.d7 Ra3xa2
32.Re6e8 Rf8xe8
33.dxe8Q Kh7
34.g4 Ra2c2
35.gxf5 Rc2xc3
36.Qe8g6 Kh8
37.Rd4d8 1-0

[Event "Défi"]
[Site "www.echecsemail.com"]
[Date "2026.02.01"]
[Round "1"]
[White "Snarf"]
[Black "Pj612"]
[WhiteElo "1760"]
[BlackElo "1710"]
[Result "0-1"]
1.e4 e5
2.Ng1f3 d5
3.Bf1b5 c6
4.Bb5a4 Ng8f6
5.exd5 Qd8xd5
6.Nf3g5 Qd5xg2
7.Qd1f3 Qg2xg5
8.d4 Qg5g4
9.Qf3c3 Qg4e4
{ abandon }0-1

[Event "Transval 3"]
[Site "www.echecsemail.com"]
[Date "2026.02.01"]
[Round "1"]
[White "Abelito"]
[Black "Petitlulu64"]
[WhiteElo "1560"]
[BlackElo "1690"]
[Result "0-1"]
1.e4 e5
2.Bf1c4 Ng8f6
3.Nb1c3 d6
4.d4 exd4
5.Qd1xd4 c5
6.Qd4e3 Bf8e7
7.Ng1f3 Nf6g4
8.Qe3e2 O-O
9.h3 Ng4e5
10.g4 Bc8e6
11.Bc4b5 a6
12.Bb5a4 b5
13.Ba4b3 c4
14.Bc1f4 cxb3
15.axb3 Ne5g6
16.Nc3d5 Be6xd5
17.Bf4g3 Bd5c6
18.Nf3d4 Be7f6
19.Ra1d1 Rf8e8
20.f3 Bf6xd4
21.Rd1xd4 d5
22.c4 bxc4
23.bxc4 Qd8a5
24.Rd4d2 dxc4
25.O-O Bc6b5
26.Rd2d5 Nb8c6
27.Bg3e1 Qa5a4
28.Be1c3 Ng6e5
29.Rd5d1 Ra8d8
30.Rd1a1 Qa4b3
31.Ra1a3 Ne5d3
32.Ra3xb3 cxb3
33.Qe2h2 Nd3b4
34.Qh2f2 Bb5xf1
35.Qf2xf1 Nb4c2
36.Qf1xa6 Nc6d4
37.Kh2 Nd4xf3
38.Kg3 Nf3g5
39.Qa6e2 Re8xe4
40.Qe2b5 Re4e3
41.Kh4 Ng5f3
42.Kg3 Nf3d4
{ abandon }0-1

[Event "Tournoi n27422"]
[Site "www.echecsemail.com"]
[Date "2026.02.01"]
[Round "1"]
[White "Tiounet"]
[Black "Patbe"]
[WhiteElo "1570"]
[BlackElo "1530"]
[Result "1-0"]
1.a3 g5
2.b4 Bf8g7
3.Nb1c3 e5
4.Bc1b2 d6
5.g3 g4
6.Bf1g2 c6
7.e3 Ng8f6
8.Ng1e2 d5
9.O-O Nb8d7
10.d3 b5
11.Ra1c1 Nf6h5
12.Nc3a2 O-O
13.c4 bxc4
14.dxc4 Bc8a6
15.cxd5 Ba6xe2
16.Qd1xe2 f5
17.dxc6 Nd7b6
18.c7 Qd8d7
19.Bg2xa8 Rf8xa8
20.Rf1d1 Qd7e6
21.Na2c3 a6
22.Rd1d8 Kf7
23.Rc1d1 Bg7f6
24.Nc3d5 Qe6c6
25.Nd5xb6 Ra8xd8
26.cxd8Q Bf6xd8
27.Nb6d7 Bd8c7
28.Bb2xe5 Ke6
29.Qe2a2 Ke7
30.Qa2d5 Qc6xd5
31.Rd1xd5 Bc7xe5
32.Nd7xe5 Ke6
33.Rd5a5 { abandon }1-0

[Event "Transval 2"]
[Site "www.echecsemail.com"]
[Date "2026.02.01"]
[Round "1"]
[White "Woluwe1975"]
[Black "39wx"]
[WhiteElo "1630"]
[BlackElo "1620"]
[Result "0-1"]
1.e4 e5
2.Ng1f3 Nb8c6
3.Nb1c3 Bf8c5
4.Nf3xe5 Nc6d4
5.Ne5xf7 Qd8f6
6.Nf7xh8 g6
7.Nc3d5 Qf6d6
8.c3 Nd4e6
9.d4 Bc5b6
10.Bf1e2 c6
11.Nd5b4 Qd6e7
12.Bc1e3 Qe7f6
13.Nb4c2 Qf6xh8
14.Be2f3 Qh8f6
15.O-O d6
16.Qd1d2 Bc8d7
17.Rf1e1 O-O-O
18.Bf3g4 Ng8e7
19.Bg4f3 Rd8g8
20.Re1d1 g5
21.g3 Qf6xf3
22.Qd2d3 h5
23.Nc2e1 Qf3f7
24.Ne1g2 d5
25.e5 Qf7f5
26.Qd3d2 Qf5h3
27.a4 h4
28.g4 Qh3xg4
29.h3 Qg4xh3
30.f3 Ne7f5
31.Be3f2 Nf5g3
32.Bf2xg3 hxg3
33.Ng2e3 Ne6f4
34.Rd1c1 Rg8h8
{ abandon }0-1

[Event "pour le plaisir  NOVEMBRE 2025"]
[Site "www.echecsemail.com"]
[Date "2026.02.01"]
[Round "1"]
[White "Rachess"]
[Black "Cramsnellac"]
[WhiteElo "1610"]
[BlackElo "1740"]
[Result "1-0"]
1.e4 d6
2.Ng1f3 Ng8f6
3.d3 Nb8d7
4.Nb1c3 g6
5.Bc1g5 Bf8g7
6.h4 O-O
7.d4 c6
8.Qd1d2 c5
9.Bf1e2 cxd4
10.Nf3xd4 Nd7e5
11.Bg5xf6 Bg7xf6
12.h5 g5
13.f4 gxf4
14.Qd2xf4 e6
15.O-O-O Bf6g5
16.Rd1f1 Bg5xf4
17.Rf1xf4 Qd8g5
18.Rh1f1 Qg5xg2
19.Rf1f2 Qg2g5
20.Kb1 Kh8
21.Nd4b5 Qg5d8
22.Rf4f6 Qd8e7
23.Nb5d4  { temps }1-0

[Event "Tournoi n27365"]
[Site "www.echecsemail.com"]
[Date "2026.02.01"]
[Round "1"]
[White "Tartu"]
[Black "Carlsen10"]
[WhiteElo "1750"]
[BlackElo "1780"]
[Result "1-0"]
1.e4 e5
2.Ng1f3 Nb8c6
3.d4 exd4
4.Nf3xd4 Ng8f6
5.Nd4xc6 bxc6
6.Bf1d3 d6
7.O-O Bf8e7
8.Nb1c3 O-O
9.h3 Bc8b7
10.Rf1e1 h6
11.Bc1e3 Qd8d7
12.a3 Rf8e8
13.b4 Be7f8
14.Qd1f3 Bf8e7
15.Qf3g3 Kh8
16.Ra1d1 a5
17.bxa5 Ra8xa5
18.a4 Be7f8
19.Be3d4 Bf8e7
20.e5 dxe5
21.Bd4xe5 Qd7c8
22.Be5xc7 Ra5g5
23.Qg3f4 c5
24.Bd3e4 Bb7xe4
25.Nc3xe4 Nf6xe4
26.Re1xe4 Be7f8
27.Re4xe8 Qc8xe8
28.Bc7d6 Bf8xd6
29.Qf4xd6 Qe8a8
30.Qd6d8 Qa8xd8
31.Rd1xd8 Kh7
32.c4 Rg5e5
33.f3 Re5e7
34.Rd8c8 Re7a7
35.Rc8xc5 Ra7xa4
36.Kf2 Kg6
37.g4 Ra4a1
38.h4 f6
39.Rc5c8 Ra1c1
40.c5 Kf7
41.c6 Ke6
42.c7 Kf7
43.Kg3 Rc1c3
44.h5 Rc3c1
45.f4 Rc1c3
46.Kf2 Rc3c4
47.Ke3 Rc4c1
48.Kd4 Ke7
49.Rc8g8 Rc1xc7
50.Rg8xg7 Kd6
51.Rg7g6 Rc7h7
52.Rg6xf6 Ke7
53.Rf6g6 Kf7
54.f5 Rh7h8
55.Ke5 Rh8e8
56.Rg6e6 Re8g8
57.Kf4 Rg8h8
58.g5 hxg5
59.Kxg5 Rh8g8
60.Re6g6 Rg8h8
61.h6 Kf8
62.f6 Rh8h7
63.Rg6g7 Rh7h8
64.Kg6 Ke8
65.h7 Kf8
66.Rg7f7 Ke8
67.Rf7a7 Rh8f8
68.f7 { abandon }1-0

[Event "Eq:Les Gens du Sud-Avalon :"]
[Site "www.echecsemail.com"]
[Date "2026.02.01"]
[Round "1"]
[White "Abelito"]
[Black "Pourquoipas"]
[WhiteElo "1560"]
[BlackElo "1640"]
[Result "1-0"]
1.e4 e5
2.Bf1c4 Ng8f6
3.Nb1c3 b6
4.Ng1f3 Nb8c6
5.a3 Bc8b7
6.Nc3e2 Nf6xe4
7.Bc4d5 Bf8c5
8.O-O Ne4g5
9.d4 Ng5xf3
10.Bd5xf3 d6
11.dxc5 bxc5
12.c3 O-O
13.Bf3d5 Kh8
14.b4 cxb4
15.axb4 Ra8b8
16.b5 Nc6e7
17.Bd5b3 f5
18.Bc1g5 d5
19.h3 Qd8d6
20.Bg5xe7 Qd6xe7
21.c4 dxc4
22.Bb3xc4 Qe7g5
23.f3 Rf8f6
24.Qd1c1 Qg5h4
25.Bc4b3 Rf6g6
26.Qc1xc7 Qh4d8
27.Qc7xe5 h6
28.Ra1d1 Qd8e8
29.Qe5b2 Qe8e3
30.Kh1 Rb8f8
31.Ne2d4 Bb7c8
32.Qb2a3 a6
33.Qa3xf8 Kh7
34.Qf8g8 1-0

[Event "Tournoi n27351"]
[Site "www.echecsemail.com"]
[Date "2026.02.01"]
[Round "1"]
[White "Verson"]
[Black "Jclaude"]
[WhiteElo "1850"]
[BlackElo "1790"]
[Result "1-0"]
1.d4 f5
2.Ng1f3 Ng8f6
3.e3 g6
4.Bf1d3 Bf8g7
5.Nb1d2 d6
6.O-O O-O
7.b3 Nb8c6
8.Bc1b2 Qd8e8
9.c4 e5
10.dxe5 dxe5
11.e4 fxe4
12.Nd2xe4 Bc8g4
13.Ne4xf6 Bg7xf6
14.Bd3e4 Ra8d8
15.h3 Rd8xd1
16.Rf1xd1 Bg4e6
17.Rd1d2 b6
18.Ra1d1 Nc6b8
19.Bb2a3 Bf6e7
20.Ba3xe7 Qe8xe7
21.Nf3xe5 Be6xh3
22.gxh3 Qe7xe5
23.Be4d5 Kg7
24.Rd2d4  { temps }1-0

[Event "Eq:O fou d hello-Pirates du Mat :"]
[Site "www.echecsemail.com"]
[Date "2026.02.01"]
[Round "1"]
[White "Karting"]
[Black "Xhouks"]
[WhiteElo "1610"]
[BlackElo "2220"]
[Result "0-1"]
1.d4 d5
2.c3 Bc8f5
3.e3 Ng8f6
4.Bf1d3 Bf5g6
5.Ng1f3 e6
6.Qd1c2 Nb8d7
7.Nb1d2 c5
8.O-O c4
9.Bd3xg6 hxg6
10.h3 b5
11.a3 a5
12.b3 cxb3
13.Nd2xb3 Qd8c7
14.Bc1b2 Bf8d6
15.Nb3c1 Ke7
16.Nc1d3 Nf6e4
17.Nf3e5 Nd7b6
18.f3 Ne4g3
19.Rf1f2 Ra8c8
20.Ra1c1 b4
21.axb4 axb4
22.Nd3xb4 Qc7b7
23.Rc1a1 Bd6xb4
24.Qc2b3 Bb4d6
25.Kh2 Ng3f5
26.Rf2e2 Qb7c7
27.f4 Bd6xe5
28.fxe5 Nb6c4
29.Qb3b4 Kd8
30.Bb2c1 f6
31.g3 fxe5
32.Ra1a6 exd4
33.exd4 Qc7xg3
34.Kh1 Rh8xh3
{ abandon }0-1

[Event "Défi"]
[Site "www.echecsemail.com"]
[Date "2026.02.01"]
[Round "1"]
[White "Epervier14"]
[Black "Katastrofic"]
[WhiteElo "1230"]
[BlackElo "1450"]
[Result "0-1"]
1.g3 e5
2.e4 d6
3.Nb1c3 Bf8e7
4.Bf1g2 Ng8f6
5.Ng1e2 O-O
6.O-O b6
7.b3 Bc8b7
8.Bc1b2 c5
9.h3 a6
10.f4 exf4
11.Ne2xf4 Nb8d7
12.Nc3e2 Bb7xe4
13.Ra1b1 Be4xg2
14.Nf4xg2 h6
15.a4 b5
16.axb5 axb5
17.Rb1a1 Ra8xa1
18.Qd1xa1 d5
19.Ng2f4 d4
20.d3 b4
21.g4 Nf6h7
22.Nf4d5 Nd7f6
 { temps }0-1